| 000 | 00824cam a22002897a 4500 | ||
|---|---|---|---|
| 003 | CHAP | ||
| 005 | 20220329141451.0 | ||
| 008 | 971013s1985 r 00010 d | ||
| 010 | _a68631 | ||
| 011 | _a69603 | ||
| 035 | _a79080 | ||
| 040 | _cCHAP | ||
| 082 |
_a526.9 _bB4 |
||
| 100 | 0 | 0 |
_aBetancourt Arce, Roberto. _912050 |
| 245 | 0 | _aTopografía general | |
| 260 |
_aMéxico : _bContinental, _c1985 |
||
| 300 |
_a188 p. _b: ilus. |
||
| 500 | _a31-21 | ||
| 590 |
_aBATCH-UPD _b10 _c20130110 _lUCH01 _h0811 |
||
| 590 |
_aBATCH-UPD _b10 _c20130410 _lUCH01 _h0448 |
||
| 590 |
_aBATCH-UPD _b10 _c20130914 _lUCH01 _h0611 |
||
| 590 |
_aCONVERSION _b10 _c20130109 _lUCH01 _h1338 |
||
| 650 | 1 | 4 |
_aTopografía. _9113907 |
| 901 | _aBK | ||
| 942 | _cLIBRO | ||
| 949 |
_a526.9 B4 _bBC _cMUT _d33724000418950 _eLIBRO _h44384 _i79080 _si _t32.70 |
||
| 999 |
_c68631 _d68631 |
||